Empatia v práci manažéra diplomová práca

Salvato in:
Dettagli Bibliografici
Autore principale: Kučerková, Kristína
Ente Autore: Fakulta podnikového manažmentu EU. Katedra manažmentu
Altri autori: Mišún, Juraj, 1978-
Natura: Libro
Lingua:slovacco
Pubblicazione: Bratislava 2013
Tags: Aggiungi Tag
Nessun Tag, puoi essere il primo ad aggiungerne!!

MARC

LEADER 00000nbm a2200000 4500
001 0170921
005 20161109102418.9
041 0 |a slo 
044 |a SK 
245 1 0 |a Empatia v práci manažéra  |b diplomová práca  |c Kristína Kučerková ; školiteľ: Juraj Mišún 
264 1 |a Bratislava  |c 2013 
300 |a 75 s. 
100 1 |a Kučerková, Kristína 
700 1 |a Mišún, Juraj, 1978- 
710 2 |a Fakulta podnikového manažmentu EU. Katedra manažmentu